<Die> Handelshochschule Lehrbuch der Wirtschaftswissenschaften

Gespeichert in:
Bibliographische Detailangaben
1. Verfasser: Muhs, Karl
Format: Buch
Sprache:Deutsch
Veröffentlicht: Greiswald Universität 1928
Ausgabe:1. Aufl.
Schlagworte:
Tags: Tag hinzufügen
Keine Tags, Fügen Sie das erste Tag hinzu!

MARC

LEADER 00000nam a2200000 4500
001 c010068
005 20221220101852.0
041 0 |a ger 
044 |a DE 
245 1 0 |a <Die> Handelshochschule  |b Lehrbuch der Wirtschaftswissenschaften  |c Karl Muhs 
250 |a 1. Aufl. 
264 1 |a Greiswald  |b Universität  |c 1928 
300 |a S.546-1334 
610 2 0 |a hospodárstvo národné 
610 2 0 |a ekonómia 
610 2 0 |a produkcia 
610 2 0 |a práca 
610 2 0 |a kapitál 
610 2 0 |a tovar 
610 2 0 |a peniaze 
610 2 0 |a úver 
610 2 0 |a mzdy 
610 2 0 |a úrok 
100 1 |a Muhs, Karl